Statistics for Countries and Capitals of the United Kingdom on a Map

Click here to take the quiz!

General Stats

  • This quiz has been taken 628 times
  • The average score is 8 of 8

Answers on the Map

Answers color-coded by a green-red scale on the quiz's map according to % correct below.
 

Answer Stats

Country / Capital city% Correct
England
99%
London
99%
Scotland
99%
Wales
99%
Northern Ireland
98%
Edinburgh
93%
Belfast
90%
Cardiff
87%

Score Distribution

Percentile by Number Answered

Percent of People with Each Score

Your Score History

You have not taken this quiz